The Miracle Of Gratitude; (Record no. 213571)

MARC details
000 -LEADER
fixed length control field 00679nam a22002057a 4500
005 - DATE AND TIME OF LATEST TRANSACTION
control field 20251006153426.0
010 ## - LCCN (DPL NO)
LC control number ENG-146946
020 ## - INTERNATIONAL STANDARD BOOK NUMBER
Terms of availability 250.00
International Standard Book Number 9789390132775
035 ## - SYSTEM CONTROL NUMBER
System control number EN-130478
037 ## - SOURCE OF ACQUISITION
Source of stock number/acquisition Delivery Books Act Division
Stock number 1
082 ## - DEWEY DECIMAL CLASSIFICATION NUMBER
Classification number 230.42
Edition number 1
100 ## - MAIN ENTRY--PERSONAL NAME
Personal name Tejparkhi Sirshree
245 ## - TITLE STATEMENT
Title The Miracle Of Gratitude;
Remainder of title Whispers of Thanks Echoes of Wonder/
Statement of responsibility, etc Sirshree Tejparkhi
Medium English
250 ## - EDITION STATEMENT
Edition statement 7
260 ## - PUBLICATION, DISTRIBUTION, ETC. (IMPRINT)
Place of publication, distribution, etc Pune
Name of publisher, distributor, etc Wow Publishings
Date of publication, distribution, etc 2025
270 ## - ADDRESS
Address Happy Thoughts Building,Vikrant Complex,Near TapovanMandir,Pimpri
City Pune
Postal code 411017
300 ## - PHYSICAL DESCRIPTION
Extent 166p.
Dimensions 22cm(pb)
Other physical details Illus.
700 ## - ADDED ENTRY--PERSONAL NAME
9 (RLIN) 85356
942 ## - ADDED ENTRY ELEMENTS (KOHA)
Source of classification or shelving scheme Dewey Decimal Classification
Item type English Books
Call number suffix TEJ
Classification part 230.42
Holdings
Withdrawn status Lost status Not for loan Home library Current library Date acquired Source of acquisition Cost, normal purchase price Full call number Barcode Copy number Cost, replacement price Koha item type
    Not For Loan D.B.Act.Division D.B.Act.Division 06/10/2025 Delivery Of Books Act Division 250.00 TEJ 230.42 EN-130478 1 250.00 English Books

© Delhi Public Library
Hit Counter
free hit counter